LEADER 01349cam0 2200313 450 001 E600200044490 005 20200318115716.0 100 $a20090130d1950 |||||ita|0103 ba 101 $amul 102 $aAR 200 1 $aActas del primer Congreso nacional de filosofìa : Mendoza, marzo 30-abril 9, 1949 / publicaciòn al cuidado de Luis Juan Guerrero 210 $aMendoza$cUniversidad nacional de Cuyo$d1950 215 $a3 volumi$d26 cm 300 $aIn testa al frontespizio: Universidad nacional de Cuyo 702 1$aGuerrero, Luis Juan$3A600200052249$4070 710 12$a*Congreso Nacional de Filosofìa, 1, Mendoza, 1949$3A600200052248$4070$0511208 801 0$aIT$bUNISOB$c20200318$gRICA 850 $aUNISOB 852 $aUNISOB$j100$m8314 852 $aUNISOB$j100$m8315 852 $aUNISOB$j100$m8316 912 $aE600200044490 940 $aM 102 Monografia moderna SBN 941 $aM 957 $a100$bVI (6)$i-1$gSi$d8314$racquisto$1pregresso3$2UNISOB$3UNISOB$420090130095211.0$520180214113450.0$6bethb 957 $a100$bVI (6)$i-2$gSI$d8315$racquisto$1bethb$2UNISOB$3UNISOB$420180214113455.0$520180214113538.0$6bethb 957 $a100$bVI (6)$i-3$gSI$d8316$racquisto$1bethb$2UNISOB$3UNISOB$420180214113614.0$520180214113640.0$6bethb 996 $aActas del primer Congreso nacional de filosofia$9762524 997 $aUNISOB